|
|
|
|
| LEADER |
00000nab a2200000 a 4500 |
| 001 |
vtls000162486 |
| 003 |
SK-MaSNL |
| 005 |
20260303213114.0 |
| 008 |
111104c1983 xo 0 slo |
| 015 |
|
|
|a SNBRB19rr/mm-uuuuu
|
| 035 |
|
|
|a CL0172597
|
| 040 |
|
|
|a SNKBUCL
|b slo
|c SNKBUCL
|e AACR2
|
| 041 |
0 |
|
|a slo
|
| 044 |
|
|
|a xo
|c SK
|
| 080 |
|
|
|a 373.6
|2 1981
|
| 080 |
|
|
|a 377.35
|2 1981
|
| 100 |
1 |
|
|a Talajka, Emil
|4 aut
|9 6948
|
| 245 |
1 |
0 |
|a Ako ďalej v príprave budúcich odborníkov pre záhradnícku veľkovýrobu
|c Emil Talajka
|
| 650 |
0 |
7 |
|a stredné školy
|2 snkbucl
|9 1279
|
| 650 |
0 |
7 |
|a Stredná poľnohospodárska technická škola, Malinovo
|2 snkbucl
|9 930862
|
| 650 |
0 |
7 |
|a učilištia stredné
|2 snkbucl
|9 923909
|
| 650 |
0 |
7 |
|a Stredné odborné učilište poľnohospodárske, Malinovo
|2 snkbucl
|9 924461
|
| 651 |
|
7 |
|a 5201
|2 snkbucl
|9 277970
|
| 655 |
|
7 |
|a články z novín a časopisov
|2 snkbucl
|9 267496
|
| 773 |
0 |
|
|t Záhradníctvo
|g Roč. 7, č. 9 (1983), s. 385-387
|
| 850 |
|
|
|a Slovenská národná knižnica v Martine
|a MTA001
|
| 852 |
|
|
|a SNK
|b KIS3GCP
|
| 958 |
|
|
|a RK
|
| 992 |
|
|
|a RBX
|
| 999 |
|
|
|c 2210644
|d 2212574
|